000 01198cam a2200133 4500500
005 20251214002030.0
041 _afre
042 _adc
100 1 0 _aHugon, Philippe
_eauthor
245 0 0 _aAfriques : Entre puissance et vulnérabilité
260 _bArmand Colin,
_c2016.
520 _aContinent marqué par les cicatrices de l’histoire, les représentations dominantes sur l’Afrique oscillent entre celles souvent négatives des médias (guerres, famines, coups d’état militaires, réfugiés…) et celles des financiers qui y voient une nouvelle frontière de l’économie mondiale. Cet ouvrage fournit toutes les clés de compréhension de ces Afriques en pleine mutation. Il présente les opportunités, les risques et les défis auxquels sont confrontées les nouvelles générations. Il intègre les derniers sujets d’actualité politique, les évolutions des économies, les questions liées au développement durable. L’Afrique est un continent pluriel, doté de nombreuses ressources et dont le développement sera l’un des grands enjeux géopolitiques de demain. 
856 4 1 _uhttps://shs.cairn.info/afriques--9782200615062?lang=fr&redirect-ssocas=7080
999 _c1566699
_d1566699